Cálculo diferencial

Gespeichert in:
Bibliographische Detailangaben
1. Verfasser: Fuenlabrada de la Vega Trucíos, Samuel (VerfasserIn)
Format: Buch
Sprache:Spanisch
Veröffentlicht: Ciudad de México McGraw-Hill 2001
Ausgabe:2a. ed
Schlagworte:
Tags: Tag hinzufügen
Keine Tags, Fügen Sie den ersten Tag hinzu!

MARC

LEADER 00000nam a2200000 a 4500
001 UCM2204
003 CL-VaPUC
008 020425e20010000MX |||||||||||||||||spa|d
082 0 4 |a 515.33  |b FUE  |2 21 
100 0 |a Fuenlabrada de la Vega Trucíos, Samuel  |e author  |9 468978 
245 1 0 |a Cálculo diferencial 
250 |a 2a. ed 
300 |a 232 p 
942 |c BK 
945 |d 20020425 00:00:00  |a cmena 
260 |a Ciudad de México  |b McGraw-Hill  |c 2001 
650 0 |a Relaciones matemáticas  |9 359925 
650 0 |a Funciones (Matemáticas)  |9 338128 
650 7 |a LIMITES MATEMATICAS  |2 CL-VaPUC  |9 370190 
650 7 |a DERIVADAS MATEMATICAS  |2 CL-VaPUC  |9 468979 
650 0 |a Funciones algebraicas  |9 271204 
650 0 |a Funciones trigonométricas   |9 421678 
650 7 |a MAXIMOS Y MINIMOS  |2 CL-VaPUC  |9 468980 
583 |a last modification  |c 20020425 00:00:00  |k Rodrigo Vera 
999 |c 300178  |d 300176 
952 |0 0  |1 0  |4 0  |6 515_330000000000000_FUE_2001  |7 0  |8 A  |9 357619  |a BIBMAT  |b BIBMAT  |d 2019-11-21  |i 3804054  |o 515.33 FUE 2001  |p 3804054  |r 2025-01-07  |w 2019-11-21  |y BK  |k MAT 
952 |0 0  |1 0  |4 0  |6 515_330000000000000_FUE_2001  |7 0  |8 A  |9 357620  |a BIBMAT  |b BIBMAT  |d 2019-11-21  |i 3804062  |o 515.33 FUE 2001  |p 3804062  |r 2025-01-07  |w 2019-11-21  |y BK  |k MAT